banner-ar

الموتيف فى الادب الشعبى و الفردى : (Record no. 61155)

MARC details
000 -الفاتح
حقل البيانات ثابتة الطول 00761nam a22001937a 4500
005 - وقت وتاريخ اخر تعامل مع التسجيلة
رقم الضبط 20240530110446.0
008 - عناصر البيانات ثابتة الطول - معلومات عامة
حقل البيانات ثابتة الطول 150428s2012 ua a g b 000 0 ara d
017 ## - رقم الايداع القانونى
رقم الايداع القانونى 2012/2968
المصدر ( الهيئة المختصة) مصر . دار الكتب المصرية
040 ## - مصدر الفهرسة
وكالة الفهرسة الأصلية EG-CaGPL
082 04 - رقم تصنيف ديوى العشرى
رقم الطبعة 21
رقم التصنيف 398.2\
رقم المادة س م
100 0# - المدخل الرئيسى - إسم شخصى
الإسم الشخصى سليمان العطار .
245 12 - بيان العنوان
العنوان الموتيف فى الادب الشعبى و الفردى :
بقية العنوان نحو منهجية جديدة /
بيان المسئوليه,etc سليمان العطار .
260 ## - PUBLICATION, DISTRIBUTION, ETC. (IMPRINT)
تاريخ النشر أو التوزيع 2012.
300 ## - الوصف المادى
التعداد 264 ص ؛
أبعاد الوعاء 24 سم.
650 04 - المدخل الاضافى بالموضوع-مصطلح موضوعى
مصطلح موضوعي الموتيف
التقسيم الفرعي العام الادب الشعبى.
650 04 - المدخل الاضافى بالموضوع-مصطلح موضوعى
مصطلح موضوعي الادب الشعبى.
942 ## - عناصر المدخل الإضافي( كوها)
مصدر التصنيف او مخطط الترفيف Dewey Decimal Classification
Koha [default] item type كتاب
260 ## - PUBLICATION, DISTRIBUTION, ETC. (IMPRINT)
-- القاهرة :
-- الهيئة المصرية العامة للكتاب ،
Holdings
حالة التراجع حالة الفقد حالة تلف ليس للاعارة المكان المؤقت الموقع الحالى تاريخ الاكتساب اجمالي اﻻعارات رقم الطلب الباركود تاريخ اخر مشاهدة تاريخ تفعيل السعر نوع وعاء كوها
        مكتبة القاهرة الكبرى مكتبة القاهرة الكبرى 04/28/2015   398.2\ س م 160379 04/28/2015 04/28/2015 كتاب

Powered By

EGPV